Datum a čas kvízu
35
Celkem bodů
Celkový počet nahraných bodů na tomto kvízu bez doplňovacích otázek.
5.
Pořadí na kvízu
Konečné umístění týmu na tomto kvízu.
Zaznamenané odpovědi
| # | Otázka | Odpověď | Body | Výsledky |
|---|---|---|---|---|
| 1. | Jiří Langmajer, Zdislava Pokor... | Hejt není názor | 1 | |
| 2. | V ugandském národním parku Kib... | šimpanz | 1 | |
| 3. | V sobotu se na pražském Výstav... | Mňága a Žďorp | 1 | |
| 4. | Americký deník The New York Ti... | bitcoin | 1 | |
| 5. | Desátý hráč žebříčku ATP utrpě... | Daniil Medveděv | 0 | |
| 6. | Vaším prvním úkolem v dnešním... | 1D 2B 3A 4C | 1 | |
| 7. | Poznejte gangsterku dle stručn... | Dannyho parťáci (Ocean's Eleven) | 1 | |
| 8. | Bud Spencer a Terence Hill spo... | v Itálii | 1 | |
| 9. | Gangster, na kterého se ptáme,... | Jabba Hutt | 1 | |
| 10. | Uveďte jméno i příjmení postav... | John Wick | 1 |